Opole - quiz wielokrotnego wyboru - Statystyki

Ogólne statystyki
  • Ten quiz został rozwiązany 82 razy
    78 od ostatniego zresetowania
  • Średni wynik to 6 z 10
Statystyki odpowiedzi
Zagadnienie Odpowiedź % Poprawnych
Który festiwal jest corocznie organizowany w Opolu? Krajowy Festiwal Piosenki Polskiej
99%
Która z poniższych rzek przepływa przez Opole? Odra
96%
Jak nazywa się makroregion fizycznogeograficzny, w którym położone są Opole? Nizina Śląska
67%
Jak nazywa się najważniejsza wyspa na głównej rzece Opola? Pasieka
63%
Które z poniższych zdjęć nie przedstawia miejsca znajdującego się w Opolu?
60%
Jaki znany piłkarz urodził się w Opolu? Miroslav Klose
57%
Jak nazywa się amfiteatr, w którym odbywa się powyższy festiwal? Amfiteatr Tysiąclecia
51%
Co było głównym powodem rozwoju Opola w XIX wieku? Budowa linii kolejowej
34%
Co przedstawia herb Opola? Orła i półksiężyc
26%
Skąd pochodzi nazwa "Opole"? Od starożytnego słowa oznaczającego wspólnotę rodowo-terytorialną
19%
Nie znaleziono quizów pasujących do podanych kryteriów
Rozkład punktacji
Procent ludzi z każdym wynikiem
Percentyl według liczby udzielonych odpowiedzi
Twoja historia wyników
Nie rozwiązałeś tego quizu od ostatniego zresetowania